00533nam a2200169 a 450000100060000000300090000600500170001500700060003200800340003804000220007208200080009410000420010224501280014424600260027226000360029830000290033400056DO-SdBNP20180214092853.000056140717s 19uu 000 spa d aBPMSUbspacBPMSU 2xxx aAlmánzar García, José Nicolás 0aEducación cívica :b tercer nivel, 5to y 6to curso de la educación de adultos /cJosé Nicolás Amánzar García 13aEducación cívica  a[Santo Domingo:bs.n.]c[197?]  a 88 p. ; bil.,c21 cm.